000 00221nam a2200097Ia 4500
008 190216s9999||||xx |||||||||||||| ||und||
100 _aNarayana Pillai P K
245 0 _aAkbar
260 _bNational Book Stall
942 _cBK
999 _c18693
_d18693